| 000 | 00834nam a2200241Ia 4500 | ||
|---|---|---|---|
| 003 | OSt | ||
| 005 | 20220927103248.0 | ||
| 006 | a|||||r|||| 00| 0 | ||
| 007 | ta | ||
| 008 | 220926b |||||||| |||| 00| 0 eng d | ||
| 024 | _a96990 | ||
| 037 | _cReference Collections | ||
| 040 |
_aRTL _cRTL _beng |
||
| 041 |
_2eng _aeng |
||
| 082 | _a"Y31:7:7.19B(P28), K0/UN" | ||
| 110 |
_a"UN, Tech Assistance Adm mission on Community Org And Dev In Selected Coun Of The Middle East" _9355958 |
||
| 245 | 0 | _aReport | |
| 260 |
_aNew _bYork United Nations USA _c1960 |
||
| 650 |
_aCommunity Development _9355959 |
||
| 700 |
_a"UN, Tech Assistance Adm mission on Community Org And Dev In Selected Coun Of The Middle East" _9355960 |
||
| 942 |
_h"Y31:7:7.19B(P28), K0/UN" _cCC |
||
| 999 |
_c682240 _d682240 |
||